Management mistakes and successes / (Record no. 3366)

000 -LEADER
fixed length control field 01608cam a22003255a 4500
001 - CONTROL NUMBER
control field 16297413
003 - CONTROL NUMBER IDENTIFIER
control field OSt
005 - DATE AND TIME OF LATEST TRANSACTION
control field 20161004113215.0
008 - FIXED-LENGTH DATA ELEMENTS--GENERAL INFORMATION
fixed length control field 100622s2011 nju b 001 0 eng
010 ## - LIBRARY OF CONGRESS CONTROL NUMBER
LC control number 2010026709
016 7# - NATIONAL BIBLIOGRAPHIC AGENCY CONTROL NUMBER
Record control number 015605695
Source Uk
020 ## - INTERNATIONAL STANDARD BOOK NUMBER
International Standard Book Number 9780470530528 (pbk.)
020 ## - INTERNATIONAL STANDARD BOOK NUMBER
International Standard Book Number 0470530529 (pbk.)
035 ## - SYSTEM CONTROL NUMBER
System control number (OCoLC)ocn643570097
040 ## - CATALOGING SOURCE
Original cataloging agency DLC
Transcribing agency DLC
Modifying agency YDX
-- UKM
-- YDXCP
-- CDX
-- DLC
050 00 - LIBRARY OF CONGRESS CALL NUMBER
Classification number HD31.H34 2011
082 00 - DEWEY DECIMAL CLASSIFICATION NUMBER
Classification number 658.4
Edition number 22
100 1# - MAIN ENTRY--PERSONAL NAME
Personal name Hartley, Robert F.,
Dates associated with a name 1927-
245 10 - TITLE STATEMENT
Title Management mistakes and successes /
Statement of responsibility, etc Robert F. Hartley.
250 ## - EDITION STATEMENT
Edition statement 10th ed.
260 ## - PUBLICATION, DISTRIBUTION, ETC. (IMPRINT)
Place of publication, distribution, etc Hoboken, NJ :
Name of publisher, distributor, etc Wiley,
Date of publication, distribution, etc c2011.
300 ## - PHYSICAL DESCRIPTION
Extent xii, 387 p. ;
Dimensions 23 cm.
500 ## - GENERAL NOTE
General note "25th anniversary edition."
504 ## - BIBLIOGRAPHY, ETC. NOTE
Bibliography, etc Includes bibliographical references and index.
520 ## - SUMMARY, ETC.
Summary, etc "Hartley's casebook is rich in content with easy-to read case studies that are well-suited for business professionals. They'll learn every key aspect of management, from performance and crises to mergers and acquisitions. The tenth edition presents more new case studies to illustrate management concepts. These include Google's entrepreneurial strategy, Procter and Gamble, Starbucks, and more. Recent business failures and successes are also examined in a way that offers practical insights and strategic principles. By focusing on the mistakes and successes, this book helps business professionals learn how to become great business leaders."--
650 #0 - SUBJECT ADDED ENTRY--TOPICAL TERM
Topical term or geographic name as entry element Management
Form subdivision Case studies.
906 ## - LOCAL DATA ELEMENT F, LDF (RLIN)
a 7
b cbc
c orignew
d 1
e ecip
f 20
g y-gencatlg
942 ## - ADDED ENTRY ELEMENTS (KOHA)
Source of classification or shelving scheme
Koha item type Book
Holdings
Withdrawn status Lost status Source of classification or shelving scheme Damaged status Not for loan Home library Current library Shelving location Date acquired Total Checkouts Full call number Barcode Date last seen Copy number Price effective from Koha item type
          Riara University Library Riara University Library General stack 04/10/2016   HD31.H34 2011 8567/16 04/10/2016 C.1 04/10/2016 Book

Riara University Library,
P.O. Box 49940-00100,
Nairobi, Kenya.